000 00377nam a22001697a 4500
005 20180414130007.0
008 160625b xxu||||| |||| 00| 0 eng d
020 _a81-8660-37-7
041 _aeng
082 _b10106
_a346.07
100 _aVechalekar, Dr. N.M.
_94274
245 _aBusiness Law
260 _bEPH
300 _a218
650 _aManagement
_9241
942 _cBK
999 _c4048
_d4047